Reptiles and amphibians / (Record no. 2301)
[ view plain ]
| 000 -LEADER | |
|---|---|
| fixed length control field | 03081nam a2200313 a 4500 |
| 005 - DATE AND TIME OF LATEST TRANSACTION | |
| control field | 20231115134503.0 |
| 020 ## - INTERNATIONAL STANDARD BOOK NUMBER | |
| International Standard Book Number | 0792234197 |
| 040 ## - CATALOGING SOURCE | |
| Original cataloging agency | MnWilRl |
| Transcribing agency | MnWilRl |
| Modifying agency | DLC |
| Language of cataloging | eng |
| 050 00 - LIBRARY OF CONGRESS CALL NUMBER | |
| Classification number | QL644.2 |
| Item number | .C67 1996 |
| 082 00 - DEWEY DECIMAL CLASSIFICATION NUMBER | |
| Classification number | 597.9 |
| Edition number | 21 |
| 100 1# - MAIN ENTRY--PERSONAL NAME | |
| Personal name | Craig, Claire |
| 245 10 - TITLE STATEMENT | |
| Title | Reptiles and amphibians / |
| Statement of responsibility, etc. | David S. Kirshner |
| 246 18 - VARYING FORM OF TITLE | |
| Title proper/short title | Reptiles & amphibians |
| 260 ## - PUBLICATION, DISTRIBUTION, ETC. | |
| Place of publication, distribution, etc. | Washington, D.C. : |
| Name of publisher, distributor, etc. | National Geographic Society, |
| Date of publication, distribution, etc. | 1996 |
| 300 ## - PHYSICAL DESCRIPTION | |
| Extent | 80 pages : |
| Other physical details | Illustrations |
| Dimensions | 17 cm |
| 500 ## - GENERAL NOTE | |
| General note | Includes index. |
| 505 ## - FORMATTED CONTENTS NOTE | |
| Formatted contents note | W |
| 520 ## - SUMMARY, ETC. | |
| Summary, etc. | 1) THE WHOLE NATURAL WORLD is in the pages of these incredible pocket references - topics range from animals to weather to wildflowers. 2) ONLY FIELD GUIDES NOW SOLD IN THE TRADE MARKET FOR AGES 6-10. National Geographic Pocket Guides are younger and more user-friendly than Audubon's or Peterson's. 3) REVIEWED BY EDUCATIONAL CONSULTANTS and carefully researched to meet National Geographic's high standards for accuracy. 4) PHOTOGRAPHS AND ILLUSTRATIONS work together to give a full portrait of each entry in its natural habitat. 5) RANGE MAPS SHOW THE DISTRIBUTION throughout North America or the world 6) FIELD NOTES give fast answers and fascinating tidbits. 7) A NEW SERIES FROM NATIONAL GEOGRAPHIC, Pocket Guides will release in sets of four per season. 8) HANDY POCKET SIZE AND STURDY COVERS MAKE THESE GUIDES PERFECT FOR FIELD USE. 9) A RULER ON A SPECIAL BACK FLAP is a convenient tool when measuring specimens. A GLOSSARY, INDEX, and HOW-TO-USE section make for easy reference. 10) A backmatter section for notes and sketches is perfect for in the field observations.National Geographic My First Pocket Guides cover a wide range of topics, from animals to constellations, from weather to ecosystems. REPTILES & AMPHIBIANS are intriguing creatures of land and water, and this book helps young readers to identify them in their habitats. Each Pocket Guide has approximately 40 entries on the topic, each occupying a spread of the book. Stunning photographs make identification of specimens easy. Beautiful artwork shows the animal or plant, etc. in its own environment, and a separate line drawing offers a sketching guide for budding naturalists. Range maps show distribution; bulleted facts offer information about size, color, diet, habitat, etc.; and field notes give additional fun facts and insights. Each spread is packed with information and is lively, colorful, and appealing. An introduction pulls it all together, and a how to use this book section points out all features for ease of use, information and is lively, colorful, and appealing. An introduction pulls it all together, and a how to use this book section points out all features for ease of use. |
| 521 ## - TARGET AUDIENCE NOTE | |
| Target audience note | 900 |
| Source | Lexile estimate |
| 521 ## - TARGET AUDIENCE NOTE | |
| Target audience note | W |
| Source | Raz-Plus |
| 650 #0 - SUBJECT ADDED ENTRY--TOPICAL TERM | |
| Topical term or geographic name entry element | Reptiles |
| General subdivision | Juvenile literature. |
| 650 #0 - SUBJECT ADDED ENTRY--TOPICAL TERM | |
| Topical term or geographic name entry element | Amphibians |
| General subdivision | Juvenile literature. |
| 650 #1 - SUBJECT ADDED ENTRY--TOPICAL TERM | |
| Topical term or geographic name entry element | Reptiles. |
| 650 #1 - SUBJECT ADDED ENTRY--TOPICAL TERM | |
| Topical term or geographic name entry element | Amphibians. |
| 700 1# - ADDED ENTRY--PERSONAL NAME | |
| Personal name | Kirshner, David |
| Relator term | illustrator |
| -- | consultant |
| 906 ## - LOCAL DATA ELEMENT F, LDF (RLIN) | |
| a | 7 |
| b | cbc |
| c | copycat |
| d | 3 |
| e | opcn |
| f | 19 |
| g | y-gencatlg |
| 942 ## - ADDED ENTRY ELEMENTS (KOHA) | |
| Source of classification or shelving scheme | Dewey Decimal Classification |
| Koha item type | Books |
| Suppress in OPAC | No |
| 999 ## - | |
| -- | 2301 |
| -- | 2301 |
| Withdrawn status | Lost status | Source of classification or shelving scheme | Damaged status | Not for loan | Collection | Home library | Current library | Shelving location | Date acquired | Total Checkouts | Full call number | Barcode | Date last seen | Price effective from | Koha item type |
|---|---|---|---|---|---|---|---|---|---|---|---|---|---|---|---|
| Dewey Decimal Classification | Non-Fiction | Footprints International School Library Network Toul Kork Campus | Footprints International School Library Network Toul Kork Campus | A TK Campus, 4th Floor, Room B401, Non-Fiction Bookcases(7-8) | 11/15/2023 | CRI 597.9 QL644.2 | FISTK00577 | 11/15/2023 | 11/15/2023 | Books |
